000 02318cam a2200217 4500500
005 20260322003202.0
041 _afre
042 _adc
100 1 0 _aChristian Laursen, John
_eauthor
245 0 0 _aFeijoo, medicine, and skepticism
260 _c2024.
500 _a15
520 _aBenito Feijoo (1676-1764) was one of the most important mediators to the public of the latest scientific and philosophical ideas in Spain in the eighteenth century. A self-conscious critic of all sorts of ideas and a member of the republic of letters, he also called himself a skeptic. At first, that meant allying himself with physician Martín Martínez, a famous critic of Aristotelianism in medicine who also called himself a skeptic. After supporting Martínez’s view of skepticism in medicine against his critics, Feijoo seems to have abandoned the term, perhaps because he learned more about what the term could mean and realized it could be understood in some quarters to undermine the Catholic church and support atheistic materialism. He explored what skepticism could mean in medicine in some detail, but avoided using it in philosophical and theological matters.
520 _aBenito Feijoo (1676-1764) fue uno de los divulgadores de las ideas científicas y filosóficas más importantes del siglo XVIII español. Lúcido crítico de todo tipo de ideas y miembro de la República de las Letras, se tenía a sí mismo por escéptico. En un primer momento, se alineó con el médico Martín Martínez, famoso por su crítica al aristotelismo médico, que tambíen se autodenominó escéptico. Tras defender contra sus adversarios la medicina escéptica de Martínez, Feijoo abandona el término, tal vez porque intuyó que podría ser entendido en algunos ámbitos como una defensa del materialismo ateo y una forma de socavar las ideas de la Iglesia católica. Asimismo, investigó con detalle qué podía querer significar ser escéptico en medicina, aunque evitó usar el término en asuntos filosóficos y teológicos.
690 _aBenito Feijoo
690 _aMartín Martínez
690 _amedicine
690 _askepticism
786 0 _nAraucaria | 55 | 1 | 2024-08-12 | p. 315-336 | 1575-6823
856 4 1 _uhttps://shs.cairn.info/revista-araucaria-2024-1-page-315?lang=es&redirect-ssocas=7080
999 _c1729878
_d1729878